000 00583nam a22002297a 4500
003 UA-OsUOA
001 94913
007 ta
008 20130219b un ||||| |||| 00| 0 ukr d
100 _aДжонс Дж.
090 _a821.161
_bД42
942 _cBK
040 _aUA-OsUOA
_brus
_cUA-OsUOA
_dUA-OsUOA
245 _aОтныне и вовек
_bроман
300 _a768 с.
955 _a3
041 _arus
080 _a821.161
260 _aМ.
_bПравда
_c1989
650 7 _a82 Література. Літературознавство
_2UDC
999 _c381156
_d381156